STN EN 61029-1/A11: 2011 (36 1580) Bezpečnosť elektrického prenosného náradia Časť 1 Všeobecné požiadavky. Zmena A11

Táto zmena A11 STN EN 61029-1: 2010 je slovenskou verziou európskej normy EN 61029-1: 2009/A11: 2010. Preklad zabezpečil Slovenský ústav technickej normalizácie. Má rovnaké postavenie ako majú oficiálne verzie

Bibliographic Details
Format: Book
Language:Slovak
English
Published: Bratislava Slovenský ústav technickej normalizácie 2011
Subjects:

MARC

LEADER 00000nam a2200000 a 4500
001 vtls010284107
003 SK-MaSNL
005 20260301031821.0
008 160628s2011 xo f u 000 0 slo
015 |a SNBN2013 
020 |c (cen. skup. 05) 
040 |a SNK  |b slo  |c SNK  |e AACR2 
041 1 |a slo  |h eng 
044 |a xo  |c SK 
046 |a s  |m 201106 (účin.) 
072 7 |a 621.3  |x Elektrotechnika  |2 konspekt 
080 |a 621.313  |2 2001 
080 |a 331.45  |2 2001 
080 |a 006.7/.8  |2 2001 
080 |a (437.6)  |2 2001 
080 |a (4)  |2 2001 
084 |a 25.140.20  |2 ICS 
130 0 |a STN 36 1580 (STN EN 61029-1/A11)  |9 327970 
245 1 0 |a STN EN 61029-1/A11: 2011 (36 1580) Bezpečnosť elektrického prenosného náradia  |n Časť 1  |p Všeobecné požiadavky. Zmena A11 
246 1 0 |a Bezpečnosť elektrického prenosného náradia. Časť 1 
246 1 0 |a Všeobecné požiadavky. Zmena A11 
246 3 0 |a EN 61029-1: 2009/A11: 2010 E 
260 |a Bratislava  |b Slovenský ústav technickej normalizácie  |c 2011 
300 |a 4 s.  |c 30 cm 
500 |a Súbežný názov v angličtine, francúzštine, nemčine 
500 |a Spracovateľ SÚTN Bratislava 
504 |a Citované normy, súvisiace právne predpisy s. 2 
520 8 |a Táto zmena A11 STN EN 61029-1: 2010 je slovenskou verziou európskej normy EN 61029-1: 2009/A11: 2010. Preklad zabezpečil Slovenský ústav technickej normalizácie. Má rovnaké postavenie ako majú oficiálne verzie 
540 |a STN vydané na akomkoľvek nosiči sa môžu rozmnožovať a rozširovať iba so súhlasom určenej právnickej osoby  |b SÚTN Bratislava  |c zákon 264/1999 Z.z. 
650 0 7 |a elektrické ručné náradie  |2 SVKBBPH  |9 68895 
650 0 7 |a bezpečnostné požiadavky  |2 SVKBBPH  |9 292186 
650 0 7 |a technické normy a štandardy  |z Slovensko  |2 SVKBBPH  |9 79594 
650 0 7 |a technické normy a štandardy  |z krajiny Európskej únie  |2 SVKBBPH  |9 289341 
655 7 |a normy  |2 SVKBBPH  |9 70643 
710 2 |a Slovenský ústav technickej normalizácie (Bratislava, Slovensko).  |b Technická komisia č. 10 Elektrické spotrebiče pre domácnosť a elektrické ručné náradie  |4 stn  |9 312135 
852 |a Štátna vedecká knižnica v Banskej Bystrici 
958 |a OP 
958 |a NB 
999 |c 577367  |d 579297 
952 |a SNK  |b SNK  |y PREZ  |7 0  |p 17A0705515  |o snkSTN EN 61029-1/A11  |i snk2011/14279  |8 0  |0 0  |1 0  |4 0  |d 2011-06-23  |l 0  |r 2026-02-23 14:38:03  |w 2026-02-23 
952 |a SNK  |b SNK  |y PREZ  |7 0  |p 17A0705516  |o snkSTN EN 61029-1/A11 D1  |i snk2011/14280  |8 0  |0 0  |1 0  |4 0  |d 2011-06-23  |l 0  |r 2026-02-23 14:38:03  |w 2026-02-23